| 000 | 01248nam a2200397 a 4500 | ||
|---|---|---|---|
| 001 | 25403 | ||
| 003 | CO-ViMGA | ||
| 005 | 20230915232056.0 | ||
| 006 | a5361176 | ||
| 008 | 141112s2004 ck r 000 u spa d | ||
| 015 | _aMON1306 | ||
| 017 | _aB 36715 - 2011 Oficina Depósito Legal Barcelona | ||
| 020 | _a9782916739885 | ||
| 035 | _a(OCoLC)864271615 | ||
| 040 |
_aCO-ViMGA _bspa _cCO-ViMGA |
||
| 041 | _aspa fre | ||
| 080 | _a821.133.1 - 91"20" | ||
| 082 | 0 | 4 | _a741.5 T68c |
| 100 | 1 |
_aTot 1977 - _938741 |
|
| 245 | 1 | 0 |
_aCada uno busca su zurca / _cguión, Tot ; dibujo, Ancestral Z & Crounchann ; traducción, Fosko ; traducción, Foska |
| 260 | _aBarcelona Norma D.L. 2011 | ||
| 300 | _aprincipalmente il. 18 cm | ||
| 336 | _aImagen (fija ; bidimensional ; visual) Texto (visual) isbdcontent | ||
| 337 | _asin mediación isbdmedia | ||
| 490 | _aDofus | ||
| 490 | _aDofus 11 | ||
| 594 | _aTítulo tomado de la cubierta | ||
| 596 | _aEn la cubierta : Ankama | ||
| 650 | 1 | 4 |
_aComics _938742 |
| 650 | 1 | 4 |
_aHistorietas _914186 |
| 650 | 1 | 4 |
_aManga _938743 |
| 700 | 1 |
_aAncestral Z & Crounchann ; traducción, Fosko _938744 |
|
| 926 | _aBNALCALA SG_PETANTI 12/919078 FONDO_MODE 1 | ||
| 942 |
_2ddc _cBK |
||
| 956 | _a2 | ||
| 999 |
_c33001 _d33001 |
||